| 000 | 00747nam a22002295i 4500 | ||
|---|---|---|---|
| 001 | 176320 | ||
| 003 | ES-MaACL | ||
| 005 | 20230906220040.0 | ||
| 008 | 110110s1973 sp |||| | spa d | ||
| 020 | _a84-277-0167-5 | ||
| 080 | _a821.134.2-1/147 | ||
| 245 | 0 | 3 |
_aEl romancero / _cestudio, notas y comentarios de texto por Giuseppe di Stefano. |
| 260 |
_aMadrid : _bNarcea, _c[1973] |
||
| 300 |
_a386 p. ; _c18 cm. |
||
| 490 | 1 |
_aBitácora. Biblioteca del estudiante ; _v33 |
|
| 504 | _aBibliografía: p. 76-89. | ||
| 650 | 0 | 4 |
_aRomances- _zEspaña. _916935 |
| 700 | 1 |
_aDi Stefano, Giuseppe. _9144629 |
|
| 830 | 0 |
_aBitácora. Biblioteca del estudiante ; _v33 _9181903 |
|
| 852 |
_aES-MaACL _jE-13965 _xOlim P-1892 |
||
| 999 |
_c176320 _d176320 |
||